000 00823cam a22002771 4500
001 12418
003 BD-RjUL
005 20211208235305.0
008 140128s1963 nyua 001 0 eng
035 _a(BD-RjUL)12467
035 _a(OCoLC)1251602
040 _aDLC
_cOT
_dOCoLC
_dUk
_dBD-RjUL
_beng
041 _aeng
082 0 0 _a621.3815
_bTUN 1963
245 1 0 _aTunnel-diode and semiconductor circuits /
_cedited by John M. Carroll.
260 _aNew York :
_bMcGraw-Hill,
_cc1963.
300 _a405 p. :
_bill. ;
_c29 cm.
500 _aIncludes index.
650 0 _aTunnel diodes.
_938585
650 0 _aSemiconductors.
_938586
650 0 _aElectronic circuits.
_938587
700 1 _aCarroll, John M.
_q(John Millar),
_d1925- ,
_eed.
_927551
942 _2ddc
_cBK
999 _c12418
_d12418